| 000 | 01180nam a2200301Ia 4500 | ||
|---|---|---|---|
| 001 | ebr10320385 | ||
| 003 | CaPaEBR | ||
| 006 | m u | ||
| 007 | cr cn||||||||| | ||
| 008 | 090209s2009 ohua sb 001 0 eng d | ||
| 020 | _z0871707187 | ||
| 020 | _z9780871707185 | ||
| 040 |
_aCaPaEBR _cCaPaEBR |
||
| 035 | _a(OCoLC)647829217 | ||
| 050 | 1 | 4 |
_aTA418.38 _b.M325 2009eb |
| 100 | 1 | _aManson, S. S. | |
| 245 | 1 | 0 |
_aFatigue and durability of metals at high temperatures _h[electronic resource] / _cS.S. Manson, G.R. Halford. |
| 260 |
_aMaterials Park, OH : _bASM International, _c2009. |
||
| 300 |
_ax, 265 p. : _bill. |
||
| 504 | _aIncludes bibliographical references and index. | ||
| 533 |
_aElectronic reproduction. _bPalo Alto, Calif. : _cebrary, _d2009. _nAvailable via World Wide Web. _nAccess may be limited to ebrary affiliated libraries. |
||
| 650 | 0 |
_aMetals _xFatigue. |
|
| 650 | 0 |
_aMetals _xEffect of high temperatures on. |
|
| 655 | 7 |
_aElectronic books. _2local |
|
| 700 | 1 | _aHalford, Gary R. | |
| 710 | 2 | _aebrary, Inc. | |
| 856 | 4 | 0 |
_uhttp://site.ebrary.com/lib/rucke/Doc?id=10320385 _zAn electronic book accessible through the World Wide Web; click to view |
| 999 |
_c60882 _d60882 |
||